000
00258nam a2200121Ia 4500
008
140130s9999 xx 000 0 und d
245
_c
Jane O'Connor
_a
Splat
260
_b
Scholastic,
_c
1994
440
_v
1
521
_a
BR
942
_c
BK
999
_c
39867
_d
39867